000 00266nam a22001217a 4500
041 _aENG
100 _aFernandes.L
245 _aBorland C++3.0 For Windows 3.1
260 _aDelhi
_bBPB Publications
_c2000
300 _a929
650 _aComputer
856 _uComputer
999 _c734
_d734